| 000 | 00755nam a2200241 i 4500 | ||
|---|---|---|---|
| 001 | 90724 | ||
| 003 | ES-MaACL | ||
| 005 | 20250718062538.0 | ||
| 007 | t| | ||
| 008 | 050124s1977 sp |||| | spa d | ||
| 080 | _a171(04) | ||
| 100 | 1 |
_aLeclercq, Jacques. _971094 |
|
| 245 | 1 | 4 |
_aLas grandes líneas de la filosofía moral / _cJacques Leclercq ; versión... de José Pérez Riesco. |
| 250 | _a3ª ed., 1ª reimp. | ||
| 260 |
_aMadrid : _bGredos, _c1977. |
||
| 300 |
_a431 p. ; _c20 cm. |
||
| 490 | 1 |
_aBiblioteca hispánica de filosofía ; _v1 |
|
| 650 | 7 |
_aÉtica _2embne _912577 |
|
| 700 | 1 |
_aPérez Riesco, José. _991107 |
|
| 830 | 0 |
_aBiblioteca hispánica de filosofía ; _v1 _9181000 |
|
| 852 |
_aES-MaACL _jA-6380 |
||
| 999 |
_c90724 _d90724 |
||